000
00330nam a2200133Ia 4500
005
20251222144632.0
008
251222s9999||||xx |||||||||||||| ||spa||
020
_a
84-7827-115-5
082
_a
371.42/P43
100
_a
Pere Arnaiz, Sofía Isús
245
0
_a
La Tutoría, Organización y Tareas
264
_b
Graó
942
_c
LIB
999
_c
16349
_d
16349